Регионална библиотека "Любен Каравелов" - Русе

Metzler Literatur Lexikon (Запис номер 46229)

MARC детайли
000 -Лидер
Контролно поле с фиксирана дължина 01172nam a2200349 c 4500
003 - Код на организацията, давaща контролен номер
Контролно поле BLK
005 - Дата и час на последна редакция
Контролно поле 20240509152651.0
008 - Елементи от данни с фиксирана дължина
fixed length control field 180408b bul|||||r ||||||| ||bul||
010 ## - Наследен системен номер
LC control number KNG00050034000
020 ## - Международен стандартен номер на книга ISBN
Международен стандартен номер на книга ISBN 3-476-00668-9
040 ## - Източник на каталожния запис
Идентификатор на билиотеката - собственик на записа BLK
041 ## - Код за език
Код за езика на текст/звукозапис или на отделно заглавие Немски
Код за езика КДБФ Немски
080 ## - УДК
Текстов определител УДК Литературна естетика. Философия на литературата
УДК код - определител по УДК 82.01
УДК определител (038)
УДК - код + определител 82.01(038)
080 ## - УДК
Текстов определител УДК Различни категории думи
УДК код - определител по УДК 81`373.4
УДК определител =30:82.01
УДК - код + определител 81`373.4=30:82.01
139 ## - Редно поле
Редна дума Metzler Literatur Lexikon
Авторски знак Met - M 61
245 10 - Сведения за заглавието
Заглавие Metzler Literatur Lexikon
Подзаглавни данни Begriffe und Definitionen
250 ## - Област на изданието
Сведения за изданието 2. ubearb. Aufl.
257 ## - Страна на издаване
Страна на създаване/издаване Германия
260 ## - Област на издателските данни
Име на издателя, разпространителя и проч. Metzler
Година на издаване 1990
Място на издаване, разпространение и проч. Stuttgart
300 ## - Физическа характеристика
Страници 529 c.
Размери/Мащаб 24 cm
380 ## - Жанр
Жанр Литературознание
650 #4 - Допълнително описание по предмет – тема
Основно описание – тема или топоним Литературознание - терминология - речници
9 (RLIN) 271188
653 ## - Ключова дума – ненормативна
Ключова дума литературознание
653 ## - Ключова дума – ненормативна
Ключова дума терминологични речници
852 ## - Местоположение
Форматна сигнатура Цб 186031
856 4# - Електронен адрес и достъп
Електронен формат pdf - файл
856 4# - Електронен адрес и достъп
Електронен формат pdf - файл
942 ## - АРТИКУЛИ
Вид на библиотечния материал Книги
Скрит в OPAC Не
944 ## - СЪЗДАВАНЕ И РЕДАКЦИЯ на ЗАПИСА
Създаване/Редакция Създаване
Дата на регистрацията/редакция 01.01.1999
Служител, извършил регистрацията/редакцията 30556
Статус, дата на статуса Теодора Пейчева-Дянкова
944 ## - СЪЗДАВАНЕ И РЕДАКЦИЯ на ЗАПИСА
Създаване/Редакция Редакция
Дата на регистрацията/редакция 07.10.2003
999 ## - СИСТЕМНИ КОНТРОЛНИ НОМЕРА
Koha biblionumber 46229
Koha biblioitemnumber 46229
999 ## - СИСТЕМНИ КОНТРОЛНИ НОМЕРА
Koha biblioitemnumber 46229
Наличности
Код за отписване Код за изгубен артикул Източник на класификационната схема Код за повреда Коз за рестрикции Код за отдаване Артикулен № Име на библиотеката - собственик Име на библиотеката, в която се намира в момента Статус (Текущо местоположение) Дата на вписване в системата Местоположение - отдел Цена в лева Инвентарен номер Систематично азбучна сигнатура Баркод Номер на екземпляра Цена в евро Служебна бележка Служебен тип на артикула
  Не е изгубен Universal Decimal Classification Не е повреден само за читалня ползва се в читалня 73083 Регионална библиотека "Любен Каравелов" Русе Регионална библиотека "Любен Каравелов" Русе Читалня 5 - справочен фонд 2002-01-01 Читалня 5 - справочен фонд 20.00 120000905393 C5 82.01/09(038)/M 61 120000905393 1 10.23 Дост: Da Книги
Vip Innovations Ltd, Rousse, Bulgaria 2025